000 005300000a22001690004500
005 20120302055821.0
942 _cBOOK
245 _a Bruhat Paribhaashika Shabda Sangraha Vidnyaan:Computar Kruta Detaabase
260 _aNaie Delhi:Vaidnyaanika Tathaa Takanikee Shabdaawalee Aayoga,1994.
300 _a1019-2058p.
490 _aRaashtriya Shabdaawalee Bank Granthmaalaa-3
040 _aE.H
650 _aShabdasangraha
650 _aPaaribhaashika Shabdasangraha
650 _aVidnyaan-Shabdasangraha
650 _aL-Z Shabda
999 _c349457
_d349454